Pilotes de Formule 2 - 2023 - Statistiques

Statistiques générales
  • Ce quiz a été pris 282 fois
  • Le résultat moyen est 11 sur 22
Statistiques - réponses
Hint Réponse % Correct
Art GP (Sauber) Théo Pourchaire
89%
Art GP (Alpine) Victor Martins
89%
Prema (Ferrari) Oliver Bearman
85%
DAMS (Leclerc) Arthur Leclerc
84%
Hitech Pulse-Eight (Red Bull) Isack Hadjar
80%
Prema (Mercedes) Frederik Vesti
67%
Virtuosi Racing (Alpine) Jack Doohan
61%
MP Motorsport (Red Bull) Dennis Hauger
55%
DAMS (Red Bull) Ayumu Iwasa
53%
Trident Clément Novalak
48%
Rodin Carlin (Red Bull) Enzo Fittipaldi
46%
Van Amersfoort Racing Richard Verschoor
44%
Hitech Pulse-Eight (Red Bull) Jak Crawford
42%
Rodin Carlin (Red Bull) Zane Maloney
42%
Campos Racing Kush Maini
40%
Virtuosi Racing Amaury Cordeel
38%
MP Motorsport Jehan Daruvala
37%
Campos Racing Ralph Boschung
33%
PHM Racing by Charouz Roy Nissany
32%
Van Amersfoort Racing Juan Manuel Correa
31%
Trident Roman Stanek
31%
PHM Racing by Charouz Brad Benavides
22%
Aucun quiz correspondant
Distribution des résultats
% des personnes avec chaque résultat
Percentile par nombre de réponses
Votre historique - résultats
Vous n’avez pas pris ce quiz